| 000 | 00387cam a22001337a 4500 | ||
|---|---|---|---|
| 008 | 180718b1977 xxu||||| |||| 00| 0 eng d | ||
| 082 | _aI210x54 D26 | ||
| 100 | _aDas, B.C. | ||
| 245 |
_aPrelude to the presidency in India _cby B.C. Das |
||
| 260 |
_aNew Delhi _bAshish _c1977 |
||
| 300 | _a142p. | ||
| 650 | _aIndia --Politics and government | ||
| 650 | _aExecutive power --India --History | ||
| 999 |
_c343460 _d343460 |
||